| 000 | 01183nam a2200253 a 4500 | ||
|---|---|---|---|
| 001 | 000007250 | ||
| 005 | 20250210123733.0 | ||
| 008 | 090907s1992 dr r 001 0 spa d | ||
| 040 |
_aDO-SdBNP _bspa _cBNPHU |
||
| 082 |
_a306.461 _bB674e |
||
| 100 | 1 |
_aBogaert García, Huberto, _d1953- _91809 |
|
| 245 | 1 | 0 |
_aEnfermedad mental, psicoterapia y cultura / _cHumberto Bogaert García. |
| 260 |
_aSanto Domingo : _bInstituto Tecnólogico de Santo Domingo, _c1992. |
||
| 300 |
_a239 p. ; _c23 cm. |
||
| 500 | _aIncluye datos biográficos del autor en la solapa de la contracubierta | ||
| 504 | _aIncluye referencias bibliográficas y notas al pie de páginas. | ||
| 504 | _aBibliografía : p. 227-239. | ||
| 505 | 0 |
_gPrefacio -- _tI.- Psicoanálisis : _tPsicoanálisis y hermenéutica -- _tLa Paranoia. Un enfoque psicoanalítico -- _tII.- Etnopsicología: _tLa posesión en la República Dominicana. Una investigación etnopsicológica -- _gApéndice -- _gBibliografía. |
|
| 590 | _aInventariado,2018/DG | ||
| 650 | 4 |
_aPsicoanálisis y cultura _920122 |
|
| 650 | 4 |
_aEtnopsicología _920123 |
|
| 650 | 4 |
_aPsicoterapia _xCasos clínicos _920124 |
|
| 910 | _aValidado. Control de calidad. EMS | ||
| 999 |
_c7031 _d7031 |
||